000 00471nam a2200181 4500
001 44349
090 _a44349
100 _a20250325 pory50
101 _apor
_aing
102 _aPT
200 _aNefertite e a Dinastia perdida
_fNational Geographic
210 _a[S.l.]
_cNational Geographic
_cdist. Zon Lusomundo
_d[d.reg. 2009]
215 _a1 DVD
225 _aNational Geographic
300 _a50 min M/6
675 _a94(32)
801 _aPT
_gRPC
990 _cFILMES DVD